000 01635cam a22003017a 4500
999 _c5185
_d5185
001 5185
003 BD-JhCC
005 20171212112304.0
008 050331s2004 dcua bs 000 0 eng d
020 _a1589063600
035 _a(BD-JhCC)5185
040 _aDJB
_cDJB
_dOCLCQ
_dDLC
_dBD-JhCC
041 _aeng
050 0 0 _aRA643.8
_b.M33 2004
082 0 0 _a362.196/9792
_222
_bMAC 2004
245 0 4 _aThe macroeconomics of HIV/AIDS /
_ceditor, Markus Haacker.
260 _a[Washington, D.C.] :
_bInternational Monetary Fund,
_cc2004.
300 _axvii, 344 p. :
_bill. ;
_c23 cm.
504 _aIncludes bibliographical references.
505 0 0 _tThe demographic impact of HIV/AIDS /
_tHIV/AIDS: the impact on the social fabric and the economy /
_tThinking about the long-run economic costs of AIDS /
_tAIDS and the accumulation and utilization of human capital in Africa /
_tThe impact of HIV/AIDS on poverty and inequality /
_tWelfare implications of HIV/AIDS /
_tThe impact of HIV/AIDS on government finance and public services /
_tFinancial effects of HIV/AIDS on national social protection schemes /
_tAn economic assessment of Botswana's national strategic framework for HIV/AIDS /
_tImpact of the HIV/AIDS epidemic on the health sectors of developing countries /
650 0 _aAIDS (Disease)
_xEconomic aspects
_zDeveloping countries.
650 0 _aAIDS (Disease)
_xEconomic aspects
_zDeveloping countries
_vStatistics.
700 1 _aHaacker, Markus.
710 2 _aInternational Monetary Fund.
856 4 1 _3Full text ;
_zin .pdf format:
_uhttp://www.imf.org/external/pubs/ft/AIDS/eng/index.htm
942 _2ddc
_cBK